Every Pistol Skin in CS:GO - Statistics

General Stats
  • This quiz has been taken 11 times
  • The average score is 50 of 337
Answer Stats
Quality Answer Collection % Correct
Covert Printstream Recoil
83%
Covert Printstream Fracture
83%
Covert Bullet Queen Prisma 2
67%
Mil-Spec Candy Apple Italy
67%
Industrial Candy Apple Assault
67%
Restricted Fade Assault
67%
Covert Fade Revolver Case
67%
Classified Fuel Injector Gamma 2
67%
Covert Golden Koi Operation Bravo
67%
Covert Kill Confirmed Shadow
67%
Covert Neo-Noir Operation Broken Fang
67%
Covert Neo-Noir Spectrum
67%
Classified Ocean Foam Operation Bravo
67%
Covert Victoria Weapon Case 3
67%
Restricted X-Ray X-Ray P250 Package
67%
Mil-Spec Blaze 2021 Train
50%
Restricted Blaze Dust
50%
Mil-Spec Blueprint Operation Hydra
50%
Classified Caiman Huntsman
50%
Restricted Case Hardened Weapon Case 2
50%
Covert Code Red Horizon
50%
Consumer Coolant 2018 Nuke
50%
Restricted Cyrex Glove
50%
Classified Decimator Shattered Web
50%
Covert Fire Elemental Operation Vanguard
50%
Covert Gamma Doppler 2021 Train
50%
Industrial Night Overpass
50%
Consumer Night Ancient
50%
Industrial Night Chop Shop
50%
Covert Ocean Drive Operation Riptide
50%
Classified Orion Huntsman
50%
Industrial Royal Blue Cobblestone
50%
Industrial Sand Dune Alpha
50%
Consumer Sand Dune Dust 2
50%
Covert See Ya Later Spectrum 2
50%
Covert The Traitor Snakebite
50%
Restricted Amber Fade Dust 2
33%
Classified Amber Fade Dust 2
33%
Covert Angry Mob Prisma
33%
Classified Asiimov Chroma 3
33%
Consumer Bamboo Forest Rising Sun
33%
Mil-Spec Blue Fissure Weapon Case 3
33%
Consumer Bone Mask Mirage
33%
Consumer Bone Mask Bank
33%
Mil-Spec Bunsen Burner Falchion
33%
Classified Cobalt Disruption eSports 2013 Winter
33%
Classified Conspiracy Operation Breakout
33%
Mil-Spec Crimson Web Weapon Case 3
33%
Mil-Spec Crimson Web Revolver
33%
Restricted Crimson Web eSports 2014 Summer
33%
Restricted Dragon Tattoo Weapon Case
33%
Restricted Eco Horizon
33%
Classified Fairy Tale Operation Broken Fang
33%
Classified Fennec Fox 2021 Mirage
33%
Restricted Hand Cannon Cobblestone
33%
Covert Hyper Beast Operation Hydra
33%
Mil-Spec Isaac Huntsman
33%
Classified Kumicho Dragon Operation Wildfire
33%
Restricted Light Rail Prisma
33%
Classified Monster Mashup Operation Broken Fang
33%
Classified Muertos Chroma
33%
Mil-Spec Nitro Overpass
33%
Mil-Spec Nitro Chop Shop
33%
Industrial Nitro 2018 Inferno
33%
Restricted Nuclear Threat Nuke
33%
Restricted Nuclear Threat Nuke
33%
Restricted Pink DDPAT 2021 Mirage
33%
Restricted Red Quartz Train
33%
Classified Serum Weapon Case 2
33%
Classified Target Acquired Control
33%
Classified The Fuschia is Now Weapon Case 3
33%
Mil-Spec Toxic Cache
33%
Classified Twilight Galaxy Chop Shop
33%
Mil-Spec Urban Hazard Clutch
33%
Mil-Spec Urban Hazard Operation Vanguard
33%
Classified Water Elemental Breakout
33%
Restricted Weasel Gamma 2
33%
Classified Whiteout 2021 Train
33%
Mil-Spec Whiteout Chop Shop
33%
Classified Yellow Jacket Falchion
33%
Restricted Ancient Visions Ancient
17%
Consumer Army Sheen Chop Shop
17%
Mil-Spec Black Lotus Operation Riptide
17%
Mil-Spec Blood Tiger eSports 2014 Summer
17%
Mil-Spec Blue Ply Prisma 2
17%
Mil-Spec Blue Titanium Weapon Case 2
17%
Restricted Buddy CS20
17%
Mil-Spec Business Class Baggage
17%
Mil-Spec Cassette Fracture
17%
Restricted Chalice Cobblestone
17%
Classified Cobra Strike Operation Hydra
17%
Consumer Colony Train
17%
Mil-Spec Corinthian Revolver
17%
Classified Cortex Clutch
17%
Classified Corticera eSports 2014 Summer
17%
Restricted Dark Water Weapon Case
17%
Mil-Spec Emerald Canals
17%
Mil-Spec Emerald Chop Shop
17%
Restricted Emerald Jörmungandr Norse
17%
Consumer Facility Draft 2018 Nuke
17%
Classified Fall Hazard 2021 Vertigo
17%
Restricted Flashback Danger Zone
17%
Classified Fowl Play Operation Breakout
17%
Restricted Franklin Havoc
17%
Classified Franklin Bank
17%
Restricted Grinder Operation Vanguard
17%
Industrial Ground Water Mirage
17%
Consumer Groundwater Italy
17%
Industrial Hades Gods and Monsters
17%
Restricted Heirloom Weapon Case 3
17%
Consumer Heist Havoc
17%
Industrial High Beam 2018 Inferno
17%
Industrial Hot Shot Cache
17%
Classified Hypnotic Weapon Case
17%
Mil-Spec Ice Cap Gamma
17%
Mil-Spec Imperial Revolver
17%
Classified Imperial Dragon Gamma
17%
Mil-Spec Ironwork Glove
17%
Mil-Spec Lead Conduit Operation Wildfire
17%
Classified Llama Cannon Spectrum 2
17%
Restricted Marina Winter Offensive
17%
Classified Mecha Industries Danger Zone
17%
Classified Mehndi Winter Offensive
17%
Industrial Metallic DDPAT Train
17%
Industrial Midnight Palm 2021 Mirage
17%
Mil-Spec Modern Hunter Militia
17%
Classified Monkey Business Chroma 2
17%
Consumer Moon in Libra Gods and Monsters
17%
Industrial Mudder Lake
17%
Restricted Nuclear Garden 2018 Nuke
17%
Mil-Spec Off World Spectrum 2
17%
Restricted Orange Anolis 2021 Dust 2
17%
Restricted Overgrowth Operation Bravo
17%
Mil-Spec Oxide Blaze Danger Zone
17%
Mil-Spec Oxide Blaze Spectrum
17%
Industrial Pathfinder Gods and Monsters
17%
Industrial Pathfinder Norse
17%
Restricted Pole Position Chroma 2
17%
Mil-Spec Polymer Glove
17%
Mil-Spec Pulse Huntsman
17%
Mil-Spec Purple DDPAT 2021 Mirage
17%
Restricted Red Astor Chroma 3
17%
Industrial Red Tire 2021 Vertigo
17%
Classified Remote Control 2018 Nuke
17%
Mil-Spec Retribution Huntsman
17%
Restricted Road Rash Overpass
17%
Restricted Royal Consorts Glove
17%
Mil-Spec Sacrifice CS20
17%
Mil-Spec Sandstorm Operation Phoenix
17%
Mil-Spec Scumbria Gamma 2
17%
Classified Snack Attack Operation Riptide
17%
Mil-Spec Sputnik 2021 Train
17%
Industrial Stained Italy
17%
Mil-Spec Stainless Weapon Case 3
17%
Restricted Steel Disruption eSports Summer 2014
17%
Mil-Spec Steel Disruption eSports 2013 Winter
17%
Restricted Supernova Operation Breakout
17%
Restricted Tacticat Spectrum 2
17%
Restricted Tigris Operation Breakout
17%
Mil-Spec Torque Falchion
17%
Restricted Trigger Discipline Snakebite
17%
Classified Undertow Weapon Case 3
17%
Consumer Urban DDPAT Bank
17%
Industrial Urban DDPAT Overpass
17%
Restricted Vino Primo 2018 Inferno
17%
Classified Visions Recoil
17%
Classified Vogue Fracture
17%
Covert Wasteland Rebel Gamma
17%
Classified Xiangliu Spectrum
17%
Restricted Acid Etched Prisma 2
0%
Consumer Anodized Gunmetal Alpha
0%
Mil-Spec Anodized Navy Inferno
0%
Consumer Army Mesh Safehouse
0%
Restricted Avalanche Revolver
0%
Mil-Spec Balance Shattered Web
0%
Restricted Bamboozle Prisma
0%
Mil-Spec Bengal Tiger Havoc
0%
Restricted Berries and Cherries Control
0%
Mil-Spec Black Limba Operation Bravo
0%
Mil-Spec Black & Tan 2021 Dust 2
0%
Mil-Spec Blast From the Past Ancient
0%
Mil-Spec Bone Forged Prisma 2
0%
Restricted Boost Protocol Operation Riptide
0%
Consumer Boreal Forest Lake
0%
Restricted Brass Dust
0%
Mil-Spec Brass Inferno
0%
Consumer Briar Cobblestone
0%
Mil-Spec Bronze Deco Chroma 2
0%
Restricted Brother Fracture
0%
Consumer Canal Spray Canals
0%
Mil-Spec Capillary Spectrum
0%
Mil-Spec Cartel Wildfire
0%
Classified Cartel Operation Vanguard
0%
Mil-Spec Catacombs Chroma
0%
Mil-Spec Chainmail Cobblestone
0%
Mil-Spec Check Engine 2018 Inferno
0%
Mil-Spec Circaetus Snakebite
0%
Mil-Spec Clear Polymer Snakebite
0%
Industrial Coach Class Baggage
0%
Restricted Cobalt Quartz Lake
0%
Mil-Spec Contaminant Operation Broken Fang
0%
Industrial Contamination Cache
0%
Consumer Contractor Safehouse
0%
Consumer Contractor Mirage
0%
Restricted Copper Galaxy Weapon Case 3
0%
Mil-Spec Cracked Opal Spectrum 2
0%
Restricted Crazy 8 Recoil
0%
Mil-Spec Crimson Blossom St. Marc
0%
Industrial Crimson Kimono Rising Sun
0%
Mil-Spec Cut Out Hydra
0%
Restricted Cyber Shell Snakebite
0%
Industrial Dark Filigree Canals
0%
Industrial Death Rattle Bank
0%
Restricted Demolition Vertigo
0%
Consumer Desert Brush 2021 Dust 2
0%
Restricted Dezastre Operation Broken Fang
0%
Restricted Digital Architect 2021 Vertigo
0%
Restricted Directive Gamma 2
0%
Mil-Spec Dispatch Control
0%
Mil-Spec Distressed Prisma 2
0%
Industrial Drift Wood 2021 Mirage
0%
Consumer Drought 2021 Mirage
0%
Mil-Spec Dualing Dragons Shadow
0%
Restricted Duelist Chop Shop
0%
Mil-Spec Elite 1.6 CS20
0%
Mil-Spec Emerald Quartz Norse
0%
Mil-Spec Exchanger 2018 Nuke
0%
Industrial Facets Alpha
0%
Mil-Spec Flame Test Clutch
0%
Mil-Spec Flash Out CS20
0%
Restricted Flora Carnivora Recoil
0%
Industrial Forest Leaves Safehouse
0%
Consumer Forest Night Control
0%
Consumer Forest Night Train
0%
Consumer Framework 2021 Vertigo
0%
Mil-Spec Fubar Danger Zone
0%
Mil-Spec Gnarled Fracture
0%
Industrial Granite Marbleized Italy
0%
Industrial Grassland Overpass
0%
Industrial Grassland Leaves Militia
0%
Consumer Green Plaid Baggage
0%
Mil-Spec Grip Clutch
0%
Restricted Guardian Operation Phoenix
0%
Industrial Gunsmoke Inferno
0%
Restricted Handgun Falchion
0%
Restricted Hemoglobin Weapon Case 2
0%
Mil-Spec Hexane eSports 2014 Summer
0%
Mil-Spec Hive Weapon Case 2
0%
Mil-Spec Imprint Gamma 2
0%
Consumer Indigo Canals
0%
Restricted Inferno CS20
0%
Mil-Spec Iron Clad Gamma
0%
Mil-Spec Ivory Operation Breakout
0%
Mil-Spec Jambiya Operation Wildfire
0%
Consumer Jungle Aztec
0%
Consumer Jungle Dashed Control
0%
Mil-Spec Junk Yard Snakebite
0%
Mil-Spec Kami Winter Offensive
0%
Mil-Spec Lifted Spirits Dreams & Nightmares
0%
Classified Melondrama Dreams & Nightmares
0%
Mil-Spec Memento Shattered Web
0%
Mil-Spec Meteorite Bank
0%
Industrial Midnight Storm Rising Sun
0%
Consumer Mint Kimono Rising Sun
0%
Restricted Moonrise Clutch
0%
Restricted Naga Chroma
0%
Restricted Neon Kimono Rising Sun
0%
Restricted Nevermore Danger Zone
0%
Mil-Spec Night Heist Havoc
0%
Mil-Spec Night Ops Lake
0%
Mil-Spec Nightshade eSports 2013 Winter
0%
Restricted Obsidian Shattered Web
0%
Mil-Spec Oceanic Chroma 3
0%
Consumer Oil Change 2021 Vertigo
0%
Industrial Orange Murano Canals
0%
Industrial Orange Peel Dust 2
0%
Mil-Spec Ossified Aztec
0%
Mil-Spec Panther Weapon Case 3
0%
Industrial Panther Camo Ancient
0%
Industrial Para Green Chop Shop
0%
Consumer Phoenix Chalk Havoc
0%
Industrial Phoenix Marker Havoc
0%
Restricted Pilot Baggage
0%
Mil-Spec Poison Dart Huntsman
0%
Industrial Pyre Norse
0%
Mil-Spec Reactor Cache
0%
Restricted Reboot Gamma
0%
Mil-Spec Red FragCam Weapon Case 3
0%
Restricted Red Rock Operation Hydra
0%
Restricted Re-Entry Chroma 3
0%
Restricted Retrobution Revolver
0%
Mil-Spec Ripple Spectrum
0%
Restricted Royal Legion Operation Wildfire
0%
Industrial Rust Leaf St. Marc
0%
Mil-Spec Safety Net 2021 Train
0%
Restricted Scorpion Dust
0%
Mil-Spec Scrawl Dreams & Nightmares
0%
Mil-Spec Shred Horizon
0%
Mil-Spec Silver Office
0%
Industrial Silver Ancient
0%
Mil-Spec Silver Quartz Safehouse
0%
Classified Skull Crusher Prisma
0%
Mil-Spec Snek-9 Horizon
0%
Restricted Space Race 2021 Train
0%
Restricted Splash eSports 2013
0%
Restricted Sunset Storm 壱 Rising Sun
0%
Restricted Sunset Storm 弐 Rising Sun
0%
Mil-Spec Survivalist Horizon
0%
Industrial Switch Board Control
0%
Restricted Syndicate 2021 Train
0%
Restricted Synth Leaf St. Marc
0%
Mil-Spec Terrace Rising Sun
0%
Industrial The Bronze Control
0%
Restricted Ticket to Hell Dreams & Nightmares
0%
Restricted Titanium Bit Weapon Case 3
0%
Consumer Tornado Alpha
0%
Mil-Spec Tread Operation Riptide
0%
Restricted Tread Plate Weapon Case 3
0%
Restricted Triumvirate Operation Wildfire
0%
Mil-Spec Turf Glove
0%
Mil-Spec Tuxedo Bank
0%
Classified Twin Turbo 2018 Inferno
0%
Mil-Spec Twist Huntsman
0%
Mil-Spec Urban Rubble Train
0%
Restricted Urban Shock Chroma
0%
Mil-Spec Valence Chroma 2
0%
Industrial VariCamo Dust 2
0%
Mil-Spec Vendetta Operation Broken Fang
0%
Mil-Spec Vendigris Prisma
0%
Mil-Spec Ventilators Chroma 3
0%
Mil-Spec Violent Daimyo Gamma
0%
Mil-Spec Warhawk Horizon
0%
Restricted Wingshot Shadow
0%
Mil-Spec Winterized Recoil
0%
Industrial Withered Vine 2021 Dust 2
0%
Restricted Woodsman Operation Hydra
0%
Mil-Spec Wraiths Shadow
0%
No matching quizzes found
Score Distribution
Percent of People with Each Score
Percentile by Number Answered
Your Score History
You have not taken this quiz